Music Quiz

Random Music or Bands Quiz

Vowel-less Bands Quiz Stats

 Plays Quiz Updated Oct 5, 2016

Challenge
Share
Tweet
Embed
Score 0/33 Timer 05:00
2 Plays Today
Consonants Band % Correct
KSSKISS
96%
QNQueen
92.6%
JRNYJourney
91.5%
RDHTCHLPPPRSRed Hot Chili Peppers
90.7%
THWHTSTRPSThe White Stripes
87.5%
PRLJMPearl Jam
83.4%
STVMLLRBNDSteve Miller Band
83.3%
VNHLNVan Halen
82.7%
BSTBYS Beastie Boys
81.3%
SNWPTRLSnow Patrol
80.8%
THRLLNGSTNSThe Rolling Stones
80.4%
THBTLSThe Beatles
80.4%
WZRWeezer
79.5%
DFTPNKDaft Punk
78.5%
THRDYBLNDThird Eye Blind
71.7%
FTBYSLMFatboy Slim
69.1%
GNSNRSSGuns N' Roses
68.1%
Consonants Band % Correct
NXSINXS
66.5%
RSMTHAerosmith
65.3%
FRGNRForeigner
64.2%
KNGSFLNKings of Leon
63.6%
BBAbba
59.1%
YHYHYHSYeah Yeah Yeahs
53.1%
BNNRMBananarama
51.8%
RDHDRadiohead
48.7%
VRCLREverclear
43.3%
NTRPLInterpol
39.3%
LBMAlabama
15.9%
MDSTMSModest Mouse
14.5%
TRSFRFRSTears for Fears
13.4%
RCDFRArcade Fire
11.5%
NVGEn Vogue
11.4%
KRDGBYSOak Ridge Boys
8.1%

You're not logged in!

Compare scores with friends on all Sporcle quizzes.
Join for Free
OR
Log In

You Might Also Like...

Show Comments

Extras

Top Quizzes Today


Score Distribution

Your Account Isn't Verified!

In order to create a playlist on Sporcle, you need to verify the email address you used during registration. Go to your Sporcle Settings to finish the process.

Report this User

Report this user for behavior that violates our Community Guidelines.

Details: